000 00697nam a2200205Ia 4500
001 19092
003 GE_BSU
008 181216s||||||||xx |||||||||||||| ||und||
040 _cGE_BSU
245 _aРеферативный журнал. Экономика промышленности. №9. 2016
245 _b20.Экономика промышленности.
245 _cГл. ред. Ран П.А Минакир, и др.
260 _aMосква.
260 _bвинити
260 _c2016
300 _a16стр,29см
653 _aРеферативный журнал.Экономика промышленности.
653 _aპერიოდიკა
942 _cCR
999 _c52085
_d52085